01637naa a2200265 i 4500001000400000003000400004005001700008008003900025040000800064080001200072100013600084245012600220260001000346500012400356520050800480650002900988650001501017650001701032655003001049773007701079700012601156711006301282942001301345999001301358BPPBPK20180213152636.0151110s2000 pl f |100 p pol cBPK a004.932 aDZIURA, Stanisław.d1996 - .bPolitechnika Koszalińska - Wydział Elektroniki,cKatedra Elementów i Miernictwa Elektronicznego aZastosowanie dekonwolucji dwuwymiarowej w przetwarzaniu obrazów termicznych /cStanisław Dziura, Zbigniew Suszyński. c2000. asprawozdanie jednostki (Informator o publikowanych wynikach prac naukowo-badawczych w 2000 roku Wydziału Elektroniki). aW artykule prezentuje się dekonwolucyjną metodę poprawy rozdzielczości obrazów termicznych zarejestrowanych kamerą termowizyjną. Obrazy te charakteryzują się stosunkowo małą rozdzielczością przestrzenną. Zaproponowano wykorzystanie operacji dekonwolucji z funkcją wagi w postaci dwuwymiarowej funkcji Gaussa. Do rozwiązania problemu zastosowano metodę algebraiczną. Wyniki uzyskano poprzez symulację obrazów tranzystora bipolarnego zarejestrowanego w podczerwieni. 0aPrzetwarzanie obrazów. 0aSymulacja. 0aTranzystory. 0aMateriały konferencyjne. iW :tII Konferencja Grantowa Metrologia. -dRzeszów, 2000. -gs. 19-24 aSUSZYŃSKI, Zbigniew.d1996 - .bPolitechnika Koszalińska - Wydział Elektroniki,cKatedra Elektroniki Ciała Stałego aMetrologia 2000n(2 ;d2000 ;cRzeszów / Jawor, Polska). cART2UKD c232d232